Statistics for Every WWE Royal Rumble Main Eventer

Click here to take the quiz!

General Stats

  • This quiz has been taken 158 times
    (78 since last reset)
  • The average score is 14 of 55

Answer Stats

YearsNamesNo. Of Times% Correct
2000-2001, 2004-2005Triple H4
75%
1997-1998, 2004Shawn Michaels3
69%
2021Roman Reigns1
65%
1999, 2002, 2013The Rock3
65%
2009Edge1
63%
2007, 2014-2015, 2017John Cena4
63%
2018Kane1
58%
2005, 2008, 2014Randy Orton3
54%
1993, 1996Bret Hart2
51%
2015, 2018-2019Brock Lesnar3
48%
2015Seth Rollins1
48%
2001, 2003, 2006Kurt Angle3
46%
2002Chris Jericho1
45%
2012-2013CM Punk2
45%
2010Rey Mysterio1
40%
2003Chris Benoit1
37%
2021Kevin Owens1
37%
2008-2009Jeff Hardy2
35%
1994, 1996, 1998, 2010The Undertaker4
35%
2017AJ Styles1
34%
2012Dolph Ziggler1
31%
1999-2000Mankind/Cactus Jack2
31%
1994Yokozuna1
31%
2018Braun Strowman1
29%
2016, 2020Becky Lynch2
28%
2016Charlotte1
26%
2006Mark Henry1
26%
2020Asuka1
23%
1991Ted DiBiase1
22%
1990Jim Duggan1
20%
2007Umaga1
20%
2019Finn Bálor1
17%
1993Razor Ramon1
17%
1997Sycho Sid1
15%
1991Dusty Rhodes1
9%
1990Big Boss Man1
8%
1995Bam Bam Bigelow1
5%
2011Eve Torres1
5%
1989Harley Race1
5%
1988-1989(King) Haku2
5%
2011Layla1
5%
2011Michelle McCool1
5%
2011Natalya1
5%
1992Road Warrior Animal1
5%
1992Road Warrior Hawk1
5%
19951-2-3 Kid1
3%
1995Bob Holly1
3%
1992Earthquake1
3%
1995Tatanka1
3%
1991Virgil1
3%
1988Jim Powers1
2%
1988Paul Roma1
2%
1988Tama1
2%
1992Typhoon1
2%
1991Dustin Rhodes1
0%

Score Distribution

Percentile by Number Answered

Percent of People with Each Score

Your Score History

You have not taken this quiz since the last reset